Abstract algebra (Record no. 357)
[ view plain ]
| 000 -LEADER | |
|---|---|
| fixed length control field | 00610 a2200229 4500 |
| 001 - CONTROL NUMBER | |
| control field | 066179 |
| 003 - CONTROL NUMBER IDENTIFIER | |
| control field | OSt |
| 005 - DATE AND TIME OF LATEST TRANSACTION | |
| control field | 20210915150708.0 |
| 008 - FIXED-LENGTH DATA ELEMENTS--GENERAL INFORMATION | |
| fixed length control field | |
| 020 ## - INTERNATIONAL STANDARD BOOK NUMBER | |
| International Standard Book Number | 0471433349 |
| 040 ## - CATALOGING SOURCE | |
| Transcribing agency | CURAJ |
| 082 ## - DEWEY DECIMAL CLASSIFICATION NUMBER | |
| Classification number | 512.02 |
| Item number | D89A |
| 100 1# - MAIN ENTRY--PERSONAL NAME | |
| Personal name | Dummit, David S. |
| 245 1# - TITLE STATEMENT | |
| Title | Abstract algebra |
| Statement of responsibility, etc | by David S. Dummit and Richard M. Foote |
| 250 ## - EDITION STATEMENT | |
| Edition statement | 3rd ed. |
| 260 ## - PUBLICATION, DISTRIBUTION, ETC. (IMPRINT) | |
| Place of publication, distribution, etc | New Delhi |
| Name of publisher, distributor, etc | Wiley India |
| Date of publication, distribution, etc | 2009, 2016 |
| 300 ## - PHYSICAL DESCRIPTION | |
| Extent | 898p. |
| Type of unit | 932 p. with Acc. No.27747, 27748,27749 |
| 630 ## - SUBJECT ADDED ENTRY--UNIFORM TITLE | |
| Uniform title | Mathematics |
| 690 ## - LOCAL SUBJECT ADDED ENTRY--TOPICAL TERM (OCLC, RLIN) | |
| Topical term or geographic name as entry element | Algebra, Abstract |
| 700 ## - ADDED ENTRY--PERSONAL NAME | |
| Personal name | Foote, Richard M. |
| 942 ## - ADDED ENTRY ELEMENTS (KOHA) | |
| Source of classification or shelving scheme | Dewey Decimal Classification |
| Koha item type | Books |
| Withdrawn status | Lost status | Damaged status | Not for loan | Home library | Current library | Date acquired | Total Checkouts | Full call number | Barcode | Checked out | Date last seen | Price effective from | Koha item type | Source of classification or shelving scheme | Collection code | Source of acquisition | Cost, normal purchase price | Date checked out |
|---|---|---|---|---|---|---|---|---|---|---|---|---|---|---|---|---|---|---|
| Central University Of Rajasthan | Central University Of Rajasthan | 27/07/2016 | 512.02 D89A | 27749 | 01/01/2018 | 02/09/2020 | 02/09/2020 | Books | ||||||||||
| Central University Of Rajasthan | Central University Of Rajasthan | 27/07/2016 | 512.02 D89A | 27748 | 01/01/2018 | 02/09/2020 | 02/09/2020 | Books | ||||||||||
| Central University Of Rajasthan | Central University Of Rajasthan | 27/07/2016 | 512.02 D89A | 27747 | 01/01/2018 | 02/09/2020 | 02/09/2020 | Books | ||||||||||
| Central University Of Rajasthan | Central University Of Rajasthan | 07/03/2012 | 14 | 512.02 D89A | 465 | 04/06/2026 | 02/09/2020 | Books | Dewey Decimal Classification | General Text Book | MTH | 479.00 | 27/04/2026 |
